| 000 | 00404nam a22001697a 4500 | ||
|---|---|---|---|
| 005 | 20160630112553.0 | ||
| 008 | 160630b xxu||||| |||| 00| 0 eng d | ||
| 020 | _a978-0-07-068179-8 | ||
| 041 | _aeng | ||
| 082 | _b19555 | ||
| 100 |
_aBhandari V B _93285 |
||
| 245 | _aDesign of Machines Element | ||
| 260 |
_bMc graw Hill _c2014 |
||
| 300 | _a926 | ||
| 650 |
_aDiploma Engineering _9817 |
||
| 942 | _cBK | ||
| 999 |
_c4886 _d4884 |
||